Statistics for Cameroon First Level Subdivisions

Click here to take the quiz!

General Stats

  • This quiz has been taken 42 times
  • The average score is 9 of 10

Answer Stats

Régions% Correct
East
97%
North
97%
Northwest
97%
South
97%
Southwest
97%
West
97%
Central
88%
Far North
85%
Adamawa
70%
Littoral
67%

Score Distribution

Percentile by Number Answered

Percent of People with Each Score

Your Score History

You have not taken this quiz